00234nam a2200109Ia 450000500170000002000180001710000110003536500050004636500100005124500490006126000140011020260513122052.0 a9780262047326 aCotton c b25.00 aMicroprediction: Building an Open AI Network bMIT Press